000
00323nam a22001457a 4500
020
_a
81-224-1814-7
041
_a
ENG
100
_a
Agarwal.B.L
245
_a
Basic Statistics
250
_a
4th Edition
260
_a
New Delhi
_b
New Age International
_c
2007
300
_a
763
650
_a
Statistics
856
_u
M.Tech ( 7 )
999
_c
1078
_d
1078